| 000 | 01201nam0a22002891 4500 | ||
|---|---|---|---|
| 001 | rc\866810 | ||
| 005 | 20250622023344.0 | ||
| 035 | _a(NLR Aleph) 006045712 | ||
| 090 |
_a4751617 _c4751617 |
||
| 100 | _a20041129d1984 |||y0rusy50 ca | ||
| 101 | 0 | _arus | |
| 102 | _aRU | ||
| 105 | _aa ||||||||| | ||
| 200 | 1 |
_aСовременное оборудование для упаковки продукции _f[Н.Г. Сударикова, Л.В. Брухис, О.И. Смыслова] |
|
| 210 |
_aМ. _cЦНИИТЭИРХ _d1984 |
||
| 215 |
_a52 с. _cил. _d20 |
||
| 225 | 1 |
_aРыбное хозяйство _iСерия "Технологическое оборудование рыбной промышленности" _eОбзор. информ. _fЦНИИ информ. и техн.-экон. исслед. рыб. хоз-ва _vВып. 2 |
|
| 300 | _aВ надзаг. также: М-во рыб. хоз-ва СССР | ||
| 320 | _aБиблиогр.: с. 43-52 | ||
| 700 | 1 |
_aСударикова _bН.Г. |
|
| 701 | 1 |
_aБрухис _bЛ.В. |
|
| 701 | 1 |
_aСмыслова _bО.И. |
|
| 801 | 0 |
_aRU _bNLR _gpsbo |
|
| 801 | 1 |
_aRU _bELAR _2rusmarc |
|
| 852 |
_aNLR _jП10/3828 |
||
| 942 | _cBOOK | ||
| 980 | _aNB | ||